<?xml version="1.0" encoding="UTF-8"?><?xml-stylesheet type="text/xsl" href="static/style.xsl"?><OAI-PMH xmlns="http://www.openarchives.org/OAI/2.0/" xmlns:xsi="http://www.w3.org/2001/XMLSchema-instance" xsi:schemaLocation="http://www.openarchives.org/OAI/2.0/ http://www.openarchives.org/OAI/2.0/OAI-PMH.xsd"><responseDate>2026-04-13T07:15:04Z</responseDate><request verb="GetRecord" identifier="oai:www.recercat.cat:10230/36036" metadataPrefix="marc">https://recercat.cat/oai/request</request><GetRecord><record><header><identifier>oai:recercat.cat:10230/36036</identifier><datestamp>2025-12-18T01:25:54Z</datestamp><setSpec>com_2072_6</setSpec><setSpec>col_2072_452952</setSpec></header><metadata><record xmlns="http://www.loc.gov/MARC21/slim" xmlns:dcterms="http://purl.org/dc/terms/" xmlns:xsi="http://www.w3.org/2001/XMLSchema-instance" xmlns:doc="http://www.lyncode.com/xoai" xsi:schemaLocation="http://www.loc.gov/MARC21/slim http://www.loc.gov/standards/marcxml/schema/MARC21slim.xsd">
   <leader>00925njm 22002777a 4500</leader>
   <datafield ind2=" " ind1=" " tag="042">
      <subfield code="a">dc</subfield>
   </datafield>
   <datafield ind2=" " ind1=" " tag="720">
      <subfield code="a">Marin Corral, Judith</subfield>
      <subfield code="e">author</subfield>
   </datafield>
   <datafield ind2=" " ind1=" " tag="720">
      <subfield code="a">Climent Company, María Cristina</subfield>
      <subfield code="e">author</subfield>
   </datafield>
   <datafield ind2=" " ind1=" " tag="720">
      <subfield code="a">Muñoz Bermudez, Rosana</subfield>
      <subfield code="e">author</subfield>
   </datafield>
   <datafield ind2=" " ind1=" " tag="720">
      <subfield code="a">Samper Echevarria, Maria</subfield>
      <subfield code="e">author</subfield>
   </datafield>
   <datafield ind2=" " ind1=" " tag="720">
      <subfield code="a">Dot Jordana, Irene, 1982-</subfield>
      <subfield code="e">author</subfield>
   </datafield>
   <datafield ind2=" " ind1=" " tag="720">
      <subfield code="a">Vilà Vilardell, Clara</subfield>
      <subfield code="e">author</subfield>
   </datafield>
   <datafield ind2=" " ind1=" " tag="720">
      <subfield code="a">Masclans Enviz, Joan Ramon</subfield>
      <subfield code="e">author</subfield>
   </datafield>
   <datafield ind2=" " ind1=" " tag="720">
      <subfield code="a">Rodríguez, Alejandro</subfield>
      <subfield code="e">author</subfield>
   </datafield>
   <datafield ind2=" " ind1=" " tag="720">
      <subfield code="a">Martín Loeches, Ignacio</subfield>
      <subfield code="e">author</subfield>
   </datafield>
   <datafield ind2=" " ind1=" " tag="720">
      <subfield code="a">Álvarez Lerma, Francisco</subfield>
      <subfield code="e">author</subfield>
   </datafield>
   <datafield ind2=" " ind1=" " tag="720">
      <subfield code="a">H1N1 GETGAG/SEMICYUC Study Group</subfield>
      <subfield code="e">author</subfield>
   </datafield>
   <datafield ind2=" " ind1=" " tag="260">
      <subfield code="c">2018-12-12T08:34:03Z</subfield>
   </datafield>
   <datafield ind2=" " ind1=" " tag="260">
      <subfield code="c">2018</subfield>
   </datafield>
   <datafield ind2=" " ind1=" " tag="520">
      <subfield code="a">OBJECTIVES: To evaluate the impact of the recommendations of the SEMICYUC (2012) on severe influenza A. DESIGN: A prospective multicenter observational study was carried out. SETTING: ICU. PATIENTS: Patients infected with severe influenza A (H1N1) from the GETGAG/SEMICYUC registry.  INTERVENTIONS: Analysis of 2 groups according to the epidemic period of the diagnosis (2009-2011; 2013-2015). VARIABLES: Demographic, temporal, comorbidities, severity, treatments, mortality, late diagnosis and place of acquisition. RESULTS: A total of 2,205 patients were included, 1,337 (60.6%) in the first period and 868 (39.4%) in the second one. Age and severity on admission were significantly greater in the second period, as well as co-infection. With regard to the impact of the recommendations, in the second period the diagnosis was established earlier (70.8 vs. 61.1%, P&amp;lt;.001), without changes in the start of treatment. Patients received less corticosteroid treatment (39.7 vs. 44.9%, P&amp;lt;.05), more NIMV was used (47.4 vs. 33.2%, P&amp;lt;.001) and more vaccination was made (11.1 vs. 1.7%, P&amp;lt;.001), without changes in mortality (24.2 vs. 20.7%). A decrease in nosocomial infection was also noted (9.8 vs. 16%, P&amp;lt;.001). Patients needed less MV with more days of ventilation, more vasopressor drug use and more ventral decubitus. CONCLUSIONS: The management of patients with severe influenza A (H1N1) has changed over the years, though without changes in mortality. The recommendations of the SEMICYUC (2012) have allowed earlier diagnosis and improved corticosteroid use. Pending challenges are the delay in treatment, the vaccination rate and the use of NIMV.</subfield>
   </datafield>
   <datafield tag="653" ind2=" " ind1=" ">
      <subfield code="a">Grip A (H1N1)</subfield>
   </datafield>
   <datafield tag="653" ind2=" " ind1=" ">
      <subfield code="a">Critically illness</subfield>
   </datafield>
   <datafield tag="653" ind2=" " ind1=" ">
      <subfield code="a">Enfermedad crítica</subfield>
   </datafield>
   <datafield tag="653" ind2=" " ind1=" ">
      <subfield code="a">Infección por virus influenza A (H1N1)pdm09</subfield>
   </datafield>
   <datafield tag="653" ind2=" " ind1=" ">
      <subfield code="a">Influenza A (H1N1)pdm09 virus infection</subfield>
   </datafield>
   <datafield tag="653" ind2=" " ind1=" ">
      <subfield code="a">Intensive Care Unit</subfield>
   </datafield>
   <datafield tag="653" ind2=" " ind1=" ">
      <subfield code="a">Manejo terapéutico</subfield>
   </datafield>
   <datafield tag="653" ind2=" " ind1=" ">
      <subfield code="a">Mortalidad</subfield>
   </datafield>
   <datafield tag="653" ind2=" " ind1=" ">
      <subfield code="a">Mortality</subfield>
   </datafield>
   <datafield tag="653" ind2=" " ind1=" ">
      <subfield code="a">Outcome</subfield>
   </datafield>
   <datafield tag="653" ind2=" " ind1=" ">
      <subfield code="a">Pronóstico</subfield>
   </datafield>
   <datafield tag="653" ind2=" " ind1=" ">
      <subfield code="a">Therapeutic management</subfield>
   </datafield>
   <datafield tag="653" ind2=" " ind1=" ">
      <subfield code="a">Unidad de Cuidados Intensivos</subfield>
   </datafield>
   <datafield ind2="0" ind1="0" tag="245">
      <subfield code="a">Pacientes con  Gripe  por  Virus  Influenza  A  (H1N1)pdm09  ingresados  en  UCI. Impacto  de  las  Recomendaciones  de  la  SEMICYUC</subfield>
   </datafield>
</record></metadata></record></GetRecord></OAI-PMH>